| 000 | 02551nam a2200337 a 4500 | ||
|---|---|---|---|
| 003 | OSt | ||
| 005 | 20240729160017.0 | ||
| 007 | cr ||||||a|c|a | ||
| 008 | 240626s2021 mx a|||fom||| 001 0 spa d | ||
| 040 | _erda | ||
| 100 | 1 |
_9189265 _aTovar Suárez, Marco Antonio |
|
| 245 | 1 | 0 |
_aIdentificación y caracterización de la mosca de higo Ficus carica L. en Texcoco, México / _cpor Marco Antonio Tovar Suárez: director de tesis Oscar Morales Galván; secretario Néstor Bautista Martínez; vocal Ricardo Meráz Álvarez; suplente Andrés Bolaños Espinoza; Robero Abraham Ocampo Ruiz. |
| 264 | 1 |
_aChapingo, México : _bEl autor, _c2021. |
|
| 300 |
_a1 recurso en línea (27 páginas): _bfiguras. |
||
| 336 |
_2rdacontent _atexto _btxt |
||
| 337 |
_2rdamedia _acomputadora _bc |
||
| 338 |
_2rdacarrier _arecurso en línea _bcr |
||
| 502 |
_bIAEPA _cParasitología _d2021. _gLIC |
||
| 504 | _aIncluye referencias bibliográficas: páginas 18-21. | ||
| 520 | _aA finales de 2019 y principios de 2020 se detectaron daños en frutos de higo en el municipio de Texcoco, Estado de México. Por lo anterior, se realizaron muestreos semanales en estos huertos, y se seleccionaron frutos que exhibieron daños por insectos, tal como áreas necróticas, galerías o cambios de coloración, los que se llevaron al laboratorio de Entomología Agrícola del Colegio de Postgraduados; los frutos se colocaron en cámara de cría hasta la emergencia de adultos. Los dípteros machos se disectaron para extraer la genitalia, misma que se empleó en la identificación, adicionalmente, se recolectaron larvas y pupas para realizar su descripción morfológica. Mediante claves dicotómicas se identificó a la especie como Silba adipata McAlpine (Diptera: Lonchaeidae). En este trabajo, se describe morfológicamente los estados biológicos de S. adipata y se discuten aspectos sobre las posibles implicaciones económicas a los productores de higo. | ||
| 650 | 4 |
_955347 _aHigo _xPlagas |
|
| 650 | 7 |
_9189266 _aSilba adipata _xIdentificación |
|
| 650 | 4 |
_9189267 _aSilba adipata _xFisiología y morfología |
|
| 700 | 1 |
_978271 _aMorales Galván, Oscar _eDirector de tesis. |
|
| 700 | 1 |
_910930 _aBautista Martínez, Nestor _eSecretario. |
|
| 700 | 1 |
_974869 _aMeraz Alvarez, Ricardo _eVocal. |
|
| 700 | 1 |
_913468 _aBolaños Espinoza, Andrés _eSuplente. |
|
| 700 | 1 |
_982612 _aOcampo Ruiz, Roberto Abraham _eSuplente. |
|
| 856 |
_uhttp://10.13.5.2/tesis/tl/2021_PA_Tovar_Suarez_MarcoAntonio.pdf _zDESCARGAR PDF |
||
| 942 |
_2Clasificación Universidad Autónoma Chapingo _cTD |
||
| 999 |
_c220023 _d220023 |
||